| 000 | 00404 a2200145 4500 | ||
|---|---|---|---|
| 001 | 86841 | ||
| 082 | _a656.07 SEK | ||
| 090 |
_c40932 _d40932 |
||
| 100 | _aSekaran Uma and Roger Bougie | ||
| 245 |
_aResearch Methods For Business 6th ED _bA Skill Building Approach _hEnglish |
||
| 250 | _a6th ED | ||
| 260 |
_aIndia _bJohn Wiley & Sons _c2013 |
||
| 300 | _axxi, 424p. | ||
| 500 | _aDOS BS Textbook | ||
| 942 |
_aCAE NUST _cBS _k656.07 SEK |
||
| 999 |
_c321914 _d321914 |
||